Clinical Pharmacology. (Record no. 5254)

MARC details
000 -LEADER
fixed length control field 00525nam a22002057a 4500
003 - CONTROL NUMBER IDENTIFIER
control field OSt
005 - DATE AND TIME OF LATEST TRANSACTION
control field 20160919151423.0
008 - FIXED-LENGTH DATA ELEMENTS--GENERAL INFORMATION
fixed length control field 160919b xxu||||| |||| 00| 0 eng d
020 ## - INTERNATIONAL STANDARD BOOK NUMBER
International Standard Book Number 044304242x
040 ## - CATALOGING SOURCE
Transcribing agency DNLM
082 ## - DEWEY DECIMAL CLASSIFICATION NUMBER
Classification number BBQV4 L373c 1987.
100 ## - MAIN ENTRY--PERSONAL NAME
Personal name Laurence,D.R; Bennett,P.N;
9 (RLIN) 11074
245 ## - TITLE STATEMENT
Title Clinical Pharmacology.
250 ## - EDITION STATEMENT
Edition statement 6th ed
260 ## - PUBLICATION, DISTRIBUTION, ETC. (IMPRINT)
Place of publication, distribution, etc. Uk.
Name of publisher, distributor, etc. Churchill Livingstone.
Date of publication, distribution, etc. 1987
300 ## - PHYSICAL DESCRIPTION
Extent x,776p;
Other physical details ill:
Dimensions 26cm.
504 ## - BIBLIOGRAPHY, ETC. NOTE
Bibliography, etc includes index.
650 ## - SUBJECT ADDED ENTRY--TOPICAL TERM
Topical term or geographic name as entry element Pharmacology.
9 (RLIN) 357
942 ## - ADDED ENTRY ELEMENTS (KOHA)
Source of classification or shelving scheme Other/Generic Classification Scheme
Koha item type Book Bank
Holdings
Withdrawn status Lost status Source of classification or shelving scheme Damaged status Not for loan Home library Current library Date acquired Source of acquisition Inventory number Total Checkouts Full call number Barcode Date last seen Koha item type Price effective from
    Other/Generic Classification Scheme     MUST Main Library MUST Main Library 19/09/2016   128   BBQV4 L373c 1987. 2016-4368 19/09/2016 Book Bank  
    Other/Generic Classification Scheme     MUST Main Library MUST Main Library 19/09/2016   146   BBQV4 L373c 1987. 2016-4369 19/09/2016 Book Bank  
    Other/Generic Classification Scheme     MUST Main Library MUST Main Library 19/09/2016   122   BBQV4 L373c 1987. 2016-4370 19/09/2016 Book Bank  
    Other/Generic Classification Scheme     MUST Main Library MUST Main Library 19/09/2016   145   BBQV4 L373c 1987. 2016-4371 19/09/2016 Book Bank  
    Other/Generic Classification Scheme     MUST Main Library MUST Main Library 19/09/2016   103   BBQV4 L373c 1987. 2016-4372 19/09/2016 Book Bank  
    Other/Generic Classification Scheme     MUST Main Library MUST Main Library 19/09/2016   110   BBQV4 L373c 1987. 2016-4373 19/09/2016 Book Bank  
    Other/Generic Classification Scheme     MUST Main Library MUST Main Library 19/09/2016   141   BBQV4 L373c 1987. 2016-4376 19/09/2016 Book Bank  
    Other/Generic Classification Scheme     MUST Main Library MUST Main Library 19/09/2016   107   BBQV4 L373c 1987. 2016-4377 19/09/2016 Book Bank  
    Other/Generic Classification Scheme     MUST Main Library MUST Main Library 19/09/2016   104   BBQV4 L373c 1987. 2016-4378 19/09/2016 Book Bank  
    Other/Generic Classification Scheme     MUST Main Library MUST Main Library 19/09/2016   101   BBQV4 L373c 1987. 2016-4379 19/09/2016 Book Bank  
    Other/Generic Classification Scheme     MUST Main Library MUST Main Library 19/09/2016   102   BBQV4 L373c 1987. 2016-4380 19/09/2016 Book Bank  
    Other/Generic Classification Scheme     MUST Main Library MUST Main Library 19/09/2016   131   BBQV4 L373c 1987. 2016-4381 19/09/2016 Book Bank  
    Other/Generic Classification Scheme     MUST Main Library MUST Main Library 09/01/2024 Purchase 144   BBQV4 L373c 1987. 2024-0006 09/01/2024 Open Shelf 09/01/2024
    Other/Generic Classification Scheme     MUST Main Library MUST Main Library 15/01/2024 Purchase 144   BBQV4 L373c 1987. 2024-0014 15/01/2024 Open Shelf 15/01/2024